00333 a2200145 450000100060000002000150000604000240002110000230004524000320006824500270010030000070012736200090013444000130014365000310015669273 a8526241745 cAnchieta - Itaigara aGrenier, Christian10aO metrônomo mágicolpor10aO metrônomo mágico a480 a2002 1aScipione 4aLiteratura infanto-juvenil